header

South-Western college keyboarding : complete course / (Record no. 254266)

MARC details
000 -LEADER
fixed length control field 00637nam a22001817a 4500
003 - CONTROL NUMBER IDENTIFIER
control field OSt
005 - DATE AND TIME OF LATEST TRANSACTION
control field 20160531095327.0
008 - FIXED-LENGTH DATA ELEMENTS--GENERAL INFORMATION
fixed length control field 160531b xxu||||| |||| 00| 0 eng d
010 ## - LIBRARY OF CONGRESS CONTROL NUMBER
LC control number 93007728
020 ## - INTERNATIONAL STANDARD BOOK NUMBER
International Standard Book Number 0538708042
040 ## - CATALOGING SOURCE
Transcribing agency n/a
050 ## - LIBRARY OF CONGRESS CALL NUMBER
Classification number Z49
Item number .D87 1994
100 ## - MAIN ENTRY--PERSONAL NAME
Personal name Duncan,Charles H.
245 ## - TITLE STATEMENT
Title South-Western college keyboarding : complete course /
Statement of responsibility, etc Charles H. Duncan, Susie H. VanHuss, S. ElVon Warner ; contributing authors, Donna L. Woo, Connie Forde.
260 ## - PUBLICATION, DISTRIBUTION, ETC. (IMPRINT)
Place of publication, distribution, etc Cincinnati, Ohio :
Name of publisher, distributor, etc South-Western Pub. Co.,
Date of publication, distribution, etc c1994.
300 ## - PHYSICAL DESCRIPTION
Extent 1 v. (various pagings) :
Other physical details col. ill. ;
Dimensions 23 x 29 cm.
942 ## - ADDED ENTRY ELEMENTS (KOHA)
Source of classification or shelving scheme Library of Congress Classification
Koha item type Long Loan Books
Holdings
Withdrawn status Lost status Source of classification or shelving scheme Damaged status Not for loan Collection code Home library Current library Shelving location Date acquired Total Checkouts Full call number Barcode Date last seen Price effective from Koha item type
    Library of Congress Classification     Non-fiction Rongo University Library Rongo University Library General Stacks 31/05/2016   Z49 .D87 1994 201612647 31/05/2016 31/05/2016 Long Loan Books

© 2026 Rongo University
Contact us: librarian | system librarian | Rongo university